<?xml version="1.0" encoding="UTF-8"?>
<record
    xmlns:xsi="http://www.w3.org/2001/XMLSchema-instance"
    xsi:schemaLocation="http://www.loc.gov/MARC21/slim http://www.loc.gov/standards/marcxml/schema/MARC21slim.xsd"
    xmlns="http://www.loc.gov/MARC21/slim">

  <leader>01463nam a22002777a 4500</leader>
  <controlfield tag="005">20230703095510.0</controlfield>
  <controlfield tag="008">230701b           ||||| |||| 00| 0 eng d</controlfield>
  <datafield tag="040" ind1=" " ind2=" ">
    <subfield code="c">AL</subfield>
  </datafield>
  <datafield tag="041" ind1=" " ind2=" ">
    <subfield code="a">Konkani</subfield>
  </datafield>
  <datafield tag="082" ind1=" " ind2=" ">
    <subfield code="2">23</subfield>
    <subfield code="a">891.464</subfield>
    <subfield code="b">MANI</subfield>
  </datafield>
  <datafield tag="100" ind1=" " ind2=" ">
    <subfield code="d">Mangaluru Diocese: &#xCAE;&#xC82;&#xC97;&#xCB3;&#xCC2;&#xCB0;&#xCC1; &#xCA1;&#xCAF;&#xCBE;&#xCB8;&#xCBF;&#xCB8;&#xCCD;</subfield>
    <subfield code="9">125232</subfield>
  </datafield>
  <datafield tag="245" ind1=" " ind2=" ">
    <subfield code="a">Igarji Mathechi Vividh Magnim: &#xC87;&#xC97;&#xCB0;&#xCCD;&#xC9C;&#xCBF; &#xCAE;&#xCBE;&#xCA4;&#xCC6;&#xC9A;&#xCBF; &#xCB5;&#xCBF;&#xCB5;&#xCBF;&#xCA7;&#xCCD; &#xCAE;&#xCBE;&#xC97;&#xCCD;&#xCA3;&#xCBF;&#xC82;</subfield>
  </datafield>
  <datafield tag="260" ind1=" " ind2=" ">
    <subfield code="a">Manglaore</subfield>
    <subfield code="b">Mangalore Diocese</subfield>
    <subfield code="c">1948</subfield>
  </datafield>
  <datafield tag="300" ind1=" " ind2=" ">
    <subfield code="a">200p.</subfield>
    <subfield code="b">PB</subfield>
    <subfield code="c">16x10cm.</subfield>
  </datafield>
  <datafield tag="650" ind1=" " ind2=" ">
    <subfield code="a">Dukhi Saibeen: &#xCA6;&#xCC1;&#xC95;&#xCBF; &#xCB8;&#xCBE;&#xCAF;&#xCCD;&#xCAC;&#xCBF;&#xCA3;&#xCCD; </subfield>
    <subfield code="9">125233</subfield>
  </datafield>
  <datafield tag="650" ind1=" " ind2=" ">
    <subfield code="a">KONKANI CATHOLIC PRAYERS</subfield>
    <subfield code="9">125257</subfield>
  </datafield>
  <datafield tag="650" ind1=" " ind2=" ">
    <subfield code="a">Somiyachen Magnem: &#xCB8;&#xCCA;&#xCAE;&#xCBF;&#xCAF;&#xCBE;&#xC9A;&#xCC6;&#xC82; &#xCAE;&#xCBE;&#xC97;&#xCCD;&#xCA3;&#xCBF;&#xC82;</subfield>
    <subfield code="9">125234</subfield>
  </datafield>
  <datafield tag="650" ind1=" " ind2=" ">
    <subfield code="a">Amkam  Mel Fankth Jayi: &#xC86;&#xCAE;&#xCCD;&#xC95;&#xCBE;&#xC82;  &#xCAE;&#xCC7;&#xCB2;&#xCCD; &#xCAB;&#xCCD;&#xCAF;&#xCBE;&#xC82;&#xC95;&#xCCD;&#xCA4;&#xCCD; &#xC9C;&#xCBE;&#xCAF;&#xCBF; </subfield>
    <subfield code="9">125235</subfield>
  </datafield>
  <datafield tag="650" ind1=" " ind2=" ">
    <subfield code="a">Karejmantlim Misam: &#xC95;&#xCB0;&#xCC6;&#xC9C;&#xCCD;&#xCAE;&#xCBE;&#xC82;&#xCA4;&#xCCD;&#xCB2;&#xCBF; &#xCAE;&#xCBF;&#xCB8;&#xCBE;&#xC82; </subfield>
    <subfield code="9">125236</subfield>
  </datafield>
  <datafield tag="650" ind1=" " ind2=" ">
    <subfield code="a">Papa Nivarane: &#xCAA;&#xCBE;&#xCAA; &#xCA8;&#xCBF;&#xCB5;&#xCBE;&#xCB0;&#xCA3;&#xCC6; </subfield>
    <subfield code="9">125237</subfield>
  </datafield>
  <datafield tag="650" ind1=" " ind2=" ">
    <subfield code="a">Omme Nanobba Lingayita: &#xC92;&#xCAE;&#xCCD;&#xCAE;&#xCC6; &#xCA8;&#xCBE;&#xCA8;&#xCCA;&#xCAC;&#xCCD;&#xCAC; &#xCB2;&#xCBF;&#xC82;&#xC97;&#xCBE;&#xCAF;&#xCBF;&#xCA4; </subfield>
    <subfield code="9">125238</subfield>
  </datafield>
  <datafield tag="650" ind1=" " ind2=" ">
    <subfield code="a">Archashishta Agnisammalu: &#xC85;&#xCB0;&#xCCD;&#xC9A;&#xCB6;&#xCBF;&#xCB7;&#xCCD;&#xC9F; &#xC85;&#xC97;&#xCCD;&#xCA8;&#xCBF;&#xCB8;&#xCAE;&#xCCD;&#xCAE;&#xCB3;&#xCC1; </subfield>
    <subfield code="9">125239</subfield>
  </datafield>
  <datafield tag="650" ind1=" " ind2=" ">
    <subfield code="a">Jeevitachen Panchang: &#xC9C;&#xCBF;&#xCB5;&#xCBF;&#xCA4;&#xCBE;&#xC9A;&#xCC6;&#xC82; &#xCAA;&#xC82;&#xC9A;&#xCBE;&#xC82;&#xC97;&#xCCD; </subfield>
    <subfield code="9">125240</subfield>
  </datafield>
  <datafield tag="700" ind1=" " ind2=" ">
    <subfield code="a">MANGALORE DIOCESE: &#xCAE;&#xC82;&#xC97;&#xCB3;&#xCC2;&#xCB0;&#xCC1; &#xCA1;&#xCAF;&#xCBE;&#xCB8;&#xCBF;&#xCB8;&#xCCD; </subfield>
    <subfield code="9">125241</subfield>
  </datafield>
  <datafield tag="942" ind1=" " ind2=" ">
    <subfield code="2">ddc</subfield>
    <subfield code="c">DB</subfield>
  </datafield>
  <datafield tag="999" ind1=" " ind2=" ">
    <subfield code="c">227725</subfield>
    <subfield code="d">227725</subfield>
  </datafield>
  <datafield tag="952" ind1=" " ind2=" ">
    <subfield code="0">0</subfield>
    <subfield code="1">0</subfield>
    <subfield code="2">ddc</subfield>
    <subfield code="4">0</subfield>
    <subfield code="7">2</subfield>
    <subfield code="8">KON</subfield>
    <subfield code="a">AL</subfield>
    <subfield code="b">AL</subfield>
    <subfield code="d">2023-06-23</subfield>
    <subfield code="l">0</subfield>
    <subfield code="o">891.464 MANI</subfield>
    <subfield code="p">D06049</subfield>
    <subfield code="r">2023-07-01 00:00:00</subfield>
    <subfield code="w">2023-07-01</subfield>
    <subfield code="y">DB</subfield>
  </datafield>
</record>
